The allure of gentleness : (Record no. 10222)

MARC details
000 -LEADER
fixed length control field 02461cam a2200397 i 4500
001 - CONTROL NUMBER
control field 18313588
003 - CONTROL NUMBER IDENTIFIER
control field GBCCL
005 - DATE AND TIME OF LATEST TRANSACTION
control field 20241126110727.0
008 - FIXED-LENGTH DATA ELEMENTS--GENERAL INFORMATION
fixed length control field 140923s2015 cau b 001 0 eng
010 ## -
-- 2014035607
020 ## - INTERNATIONAL STANDARD BOOK NUMBER
International Standard Book Number 9780062114082 (hardback)
020 ## - INTERNATIONAL STANDARD BOOK NUMBER
International Standard Book Number 9780062114099 (pbk)
040 ## - CATALOGING SOURCE
Original cataloging agency DLC
Language of cataloging eng
Transcribing agency DLC
Description conventions rda
Modifying agency DLC
042 ## -
-- pcc
050 00 -
-- BT1103
-- .W544 2015
082 00 - DEWEY DECIMAL CLASSIFICATION NUMBER
Classification number 239
Edition information 23
Item number WIL
084 ## - OTHER CLASSIFICATION NUMBER
Classification number REL067030
-- REL012120
-- REL070000
Number source bisacsh
100 1# - MAIN ENTRY--PERSONAL NAME
Personal name Willard, Dallas,
Dates associated with a name 1935-2013.
9 (RLIN) 17751
245 14 - TITLE STATEMENT
Title The allure of gentleness :
Remainder of title defending the faith in the manner of Jesus /
Statement of responsibility, etc. Dallas Willard.
250 ## - EDITION STATEMENT
Edition statement First edition.
264 #1 - PRODUCTION, PUBLICATION, DISTRIBUTION, MANUFACTURE, AND COPYRIGHT NOTICE
Place of production, publication, distribution, manufacture New York, NY :
Name of producer, publisher, distributor, manufacturer HarperOne, and imprint of HarperCollins Publishers,
Date of production, publication, distribution, manufacture, or copyright notice [2015]
300 ## - PHYSICAL DESCRIPTION
Extent xiii, 191 pages ;
Dimensions 22 cm
336 ## - CONTENT TYPE
Content type term text
Content type code txt
Source rdacontent
337 ## - MEDIA TYPE
Media type term unmediated
Media type code n
Source rdamedia
338 ## - CARRIER TYPE
Carrier type term volume
Carrier type code nc
Source rdacarrier
504 ## - BIBLIOGRAPHY, ETC. NOTE
Bibliography, etc. note Includes bibliographical references (pages 177-179) and indexes.
520 ## - SUMMARY, ETC.
Summary, etc. "The revered Christian author whose bestselling classics include The Divine Conspiracy and The Spirit of the Disciplines provides a new model for how we can present the Christian faith to others.When Christians share their faith, they often appeal to reason, logic, and the truth of doctrine. But these tactics often are not effective. A better approach to spread Christ's word, Dallas Willard suggests, is to use the example of our own lives. To demonstrate Jesus's message, we must be transformed people living out a life reflective of Jesus himself, a life of love, humility, and gentleness.This beautiful model of life--this allure of gentleness--Willard argues, is the foundation for making the most compelling argument for Christianity, one that will convince others that there is something special about Christianity and the Jesus we follow"--
Assigning source Provided by publisher.
650 #0 - SUBJECT ADDED ENTRY--TOPICAL TERM
Topical term or geographic name entry element Apologetics.
9 (RLIN) 85
650 #7 - SUBJECT ADDED ENTRY--TOPICAL TERM
Topical term or geographic name entry element RELIGION / Christian Theology / Apologetics.
Source of heading or term bisacsh
9 (RLIN) 14402
650 #7 - SUBJECT ADDED ENTRY--TOPICAL TERM
Topical term or geographic name entry element RELIGION / Christian Life / Spiritual Growth.
Source of heading or term bisacsh
9 (RLIN) 14404
650 #7 - SUBJECT ADDED ENTRY--TOPICAL TERM
Topical term or geographic name entry element RELIGION / Christianity / General.
Source of heading or term bisacsh
9 (RLIN) 17752
856 42 - ELECTRONIC LOCATION AND ACCESS
Materials specified Cover image
Uniform Resource Identifier <a href="static.harpercollins.com/harperimages/isbn/large/2/9780062114082.jpg">static.harpercollins.com/harperimages/isbn/large/2/9780062114082.jpg</a>
906 ## - LOCAL DATA ELEMENT F, LDF (RLIN)
a 7
b cbc
c orignew
d 1
e ecip
f 20
g y-gencatlg
942 ## - ADDED ENTRY ELEMENTS (KOHA)
Source of classification or shelving scheme Dewey Decimal Classification
Koha item type Books
Koha issues (borrowed), all copies 1
Holdings
Withdrawn status Lost status Source of classification or shelving scheme Damaged status Not for loan Home library Current Library Shelving location Date acquired Total checkouts Full call number Barcode Date last seen Date last checked out Copy number Price effective from Koha item type
    Dewey Decimal Classification     GRACE BIBLE COLLEGE GRACE BIBLE COLLEGE Theology 2024-05-01 3 239 WIL 016654 2025-07-24 2025-07-21 c.1 2024-05-01 Books
© Grace Bible College Library 2025